| 000 | 00437pab a2200145 454500 | ||
|---|---|---|---|
| 008 | 180718b2005 xxu||||| |||| 00| 0 eng d | ||
| 100 | _aAliber, Robert Z. | ||
| 245 | _aThe 35 most tumultuous years in monetary history: shocks, the transfer problem, and financial Trauma | ||
| 260 | _c2005 | ||
| 300 | _ap.142-59. | ||
| 362 | _aSpecial issue | ||
| 650 | _aInternational monetary systems | ||
| 773 | _aIMF Staff Papers | ||
| 909 | _a68202 | ||
| 999 |
_c68202 _d68202 |
||